000 00397nam a2200133 4500
999 _c4783
_d4783
008 200901b ||||| |||| 00| 0 eng d
082 0 0 _a005.7565
_bS9343
100 _93813
_aStultz, Russell A.
245 1 0 _aIllustrated of Base IV version 1.1 /
_cby Russell A. Stultz
260 _aNew Delhi:
_bBPB Publication,
_c1991.
300 _aviii, 503 p.
650 0 _aDatabase Management
942 _2ddc
_cBK